Statistics for 10 cities that make the most from gambling

Click here to take the quiz!

General Stats

  • This quiz has been taken 100 times
  • The average score is 8 of 10

Answer Stats

CountryCity% Correct
USALas Vegas
99%
SingaporeSingapore
93%
UKLondon
91%
AustraliaSydney
91%
FranceParis
87%
ChinaMacao
79%
MonacoMonte Carlo
77%
the BahamasNassau
74%
USAAtlantic City
69%
Costa RicaSan Jose
58%

Score Distribution

Percentile by Number Answered

Percent of People with Each Score

Your Score History

You have not taken this quiz